Obyvatelia vidieka a problémy transformácie PH družstiev

Výskumný projekt vznikol z iniciatívy Ústavu pre medzinárodný agrárny a hospodársky vývoj v Heidelbergu, ktorého cieľom bol získanie informácií o transformácii slovenského poľnohospodárstva. Metodológia výskumu a charakteristika výberového súboru. Vlastníctvo a prenájom pôdy. Názory na transformáciu...

Description complète

Enregistré dans:
Détails bibliographiques
Auteur principal: Buchta, Stanislav
Format: Chapitre de livre
Langue:slovaque
Sujets:
Tags: Ajouter un tag
Pas de tags, Soyez le premier à ajouter un tag!

MARC

LEADER 00000naa a2200000 4500
001 r031697
005 20230424115649.1
041 0 |a slo 
044 |a SK 
245 1 0 |a Obyvatelia vidieka a problémy transformácie PH družstiev  |c Stanislav Buchta 
520 |a Výskumný projekt vznikol z iniciatívy Ústavu pre medzinárodný agrárny a hospodársky vývoj v Heidelbergu, ktorého cieľom bol získanie informácií o transformácii slovenského poľnohospodárstva. Metodológia výskumu a charakteristika výberového súboru. Vlastníctvo a prenájom pôdy. Názory na transformáciu poľnohospodárstva. Názory a postoje členov poľnohospodárskych družstiev k otázkam týkajúcich sa fungovania družstiev. Súkromní roľníci. Vyhodnotenie výskumu. 
610 2 0 |a družstvá poľnohospodárske 
610 2 0 |a analýzy 
610 2 0 |a metodológia 
610 2 0 |a transformácia 
610 2 0 |a poľnohospodárstvo 
610 2 0 |a údaje štatistické 
610 2 0 |a Slovensko 
610 2 0 |a vlastníctvo pozemkové 
610 2 0 |a pôda 
610 2 0 |a roľníci jednotlivo hospodáriaci 
610 2 0 |a výskum sociologický 
100 1 |a Buchta, Stanislav